Uchchatar madhyamik shiksha (XI)/ (Record no. 11973)

MARC details
000 -LEADER
fixed length control field 00567nam a22002057a 4500
005 - DATE AND TIME OF LATEST TRANSACTION
control field 20240920100555.0
008 - FIXED-LENGTH DATA ELEMENTS--GENERAL INFORMATION
fixed length control field 240920b |||||||| |||| 00| 0 eng d
020 ## - INTERNATIONAL STANDARD BOOK NUMBER
International Standard Book Number 9789382056195
040 ## - CATALOGING SOURCE
Original cataloging agency IN-DiNC
Transcribing agency IN-DiNC
041 ## - LANGUAGE CODE
Language code of sung or spoken text Assamese
082 ## - DEWEY DECIMAL CLASSIFICATION NUMBER
Classification number 370
Item number DEK
100 ## - MAIN ENTRY--PERSONAL NAME
Personal name Deka, Nabanita
Relator term Author
245 ## - TITLE STATEMENT
Title Uchchatar madhyamik shiksha (XI)/
Statement of responsibility, etc. by Nabanita Deka and Mamoni Gogoi Baruah
250 ## - EDITION STATEMENT
Edition statement 5th ed.
260 ## - PUBLICATION, DISTRIBUTION, ETC.
Place of publication, distribution, etc. Dibrugarh:
Name of publisher, distributor, etc. Banalata,
Date of publication, distribution, etc. 2024.
300 ## - PHYSICAL DESCRIPTION
Extent 336p.
650 ## - SUBJECT ADDED ENTRY--TOPICAL TERM
Topical term or geographic name entry element Education (XI)
700 ## - ADDED ENTRY--PERSONAL NAME
Personal name Baruah, Mamoni Gogoi
Relator term Author
942 ## - ADDED ENTRY ELEMENTS (KOHA)
Source of classification or shelving scheme Dewey Decimal Classification
Koha item type Books
Holdings
Withdrawn status Lost status Source of classification or shelving scheme Damaged status Not for loan Collection code Home library Current library Shelving location Date acquired Cost, normal purchase price Total Checkouts Full call number Barcode Date last seen Date last checked out Copy number Price effective from Koha item type Date due
    Dewey Decimal Classification     Education Central Library, Naharkatiya College Central Library, Naharkatiya College General Stacks 20/09/2024 300.00 2 370 DEK 30196 01/04/2025 22/03/2025 1 20/09/2024 Books  
    Dewey Decimal Classification     Education Central Library, Naharkatiya College Central Library, Naharkatiya College General Stacks 20/09/2024 300.00 5 370 DEK 30197 14/05/2026 14/05/2026 2 20/09/2024 Books 02/06/2026
    Dewey Decimal Classification     Education Central Library, Naharkatiya College Central Library, Naharkatiya College General Stacks 20/09/2024 300.00 2 370 DEK 30198 11/02/2026 27/01/2026 3 20/09/2024 Books  

Naharkatiya College © 2020. All rights reserved.

Powered By